| 000 | 00647nam a22001337a 4500 | ||
|---|---|---|---|
| 040 | _cRUA | ||
| 082 | _aVEM CHH 2015 B534 Or.1 | ||
| 100 | _aCHHEM KEO; ឆែម កែវ | ||
| 245 | _aSurvey on infectious diseases in cattle of household farmer at kirivong district, takeo province, អង្កេតជំងឺឆ្លងដែលតែងជួបប្រទះទៅលើគោចិញ្ចឹមជាលក្ខណៈគ្រួសារនៅក្នុងស្រុកគីរីវង់ ខេត្តតាកែវ | ||
| 260 |
_aRUA _bCHH _c2015 |
||
| 300 |
_aix,37p. _bill. _c29cm. |
||
| 856 | _u CHHEM KEO | ||
| 942 | _cVEM | ||
| 999 |
_c10860 _d10860 |
||